<?xml version="1.0" encoding="UTF-8"?>
<record
    xmlns:xsi="http://www.w3.org/2001/XMLSchema-instance"
    xsi:schemaLocation="http://www.loc.gov/MARC21/slim http://www.loc.gov/standards/marcxml/schema/MARC21slim.xsd"
    xmlns="http://www.loc.gov/MARC21/slim">

  <leader>00727nam a22002057a 4500</leader>
  <controlfield tag="001">57781</controlfield>
  <controlfield tag="005">20260421135915.0</controlfield>
  <controlfield tag="008">260420s2007    nyu||||| |||| 00| 0 eng d</controlfield>
  <datafield tag="020" ind1=" " ind2=" ">
    <subfield code="a">9780814408957</subfield>
  </datafield>
  <datafield tag="040" ind1=" " ind2=" ">
    <subfield code="a">BD-DhIUB</subfield>
    <subfield code="c">BD-DhIUB</subfield>
    <subfield code="d">BD-DhIUB</subfield>
  </datafield>
  <datafield tag="082" ind1=" " ind2=" ">
    <subfield code="2">22</subfield>
    <subfield code="a">658.4022019</subfield>
    <subfield code="b">L9891q</subfield>
  </datafield>
  <datafield tag="100" ind1=" " ind2=" ">
    <subfield code="a">Lynn, Adele B.</subfield>
    <subfield code="9">7159</subfield>
  </datafield>
  <datafield tag="245" ind1=" " ind2=" ">
    <subfield code="a">Quick emotional intelligence activities for busy managers:</subfield>
    <subfield code="b">50 team exercises that get results in just 15 minutes /</subfield>
    <subfield code="c">Adele B. Lynn</subfield>
  </datafield>
  <datafield tag="260" ind1=" " ind2=" ">
    <subfield code="a">New York :</subfield>
    <subfield code="b">AMACOM (American Management Association),</subfield>
    <subfield code="c">2007</subfield>
  </datafield>
  <datafield tag="300" ind1=" " ind2=" ">
    <subfield code="a">xiv,194 p. :</subfield>
    <subfield code="c">24 cm.</subfield>
  </datafield>
  <datafield tag="526" ind1=" " ind2=" ">
    <subfield code="a">LIB</subfield>
    <subfield code="l">GEN</subfield>
  </datafield>
  <datafield tag="650" ind1=" " ind2="0">
    <subfield code="a">Emotional intelligence-problems, exercises</subfield>
    <subfield code="9">7160</subfield>
  </datafield>
  <datafield tag="650" ind1=" " ind2="0">
    <subfield code="a">Teams in the workplace.</subfield>
    <subfield code="9">3486</subfield>
  </datafield>
  <datafield tag="942" ind1=" " ind2=" ">
    <subfield code="2">ddc</subfield>
    <subfield code="c">BK</subfield>
  </datafield>
  <datafield tag="999" ind1=" " ind2=" ">
    <subfield code="c">57781</subfield>
    <subfield code="d">57955</subfield>
  </datafield>
  <datafield tag="952" ind1=" " ind2=" ">
    <subfield code="0">0</subfield>
    <subfield code="1">0</subfield>
    <subfield code="2">ddc</subfield>
    <subfield code="4">0</subfield>
    <subfield code="7">0</subfield>
    <subfield code="a">IUBL</subfield>
    <subfield code="b">IUBL</subfield>
    <subfield code="c">GEN</subfield>
    <subfield code="d">2026-04-21</subfield>
    <subfield code="e">GIFT</subfield>
    <subfield code="h">2007</subfield>
    <subfield code="l">0</subfield>
    <subfield code="o">658.4022019 L9891q</subfield>
    <subfield code="p">G000712</subfield>
    <subfield code="r">2026-04-21 14:00:07</subfield>
    <subfield code="t">01</subfield>
    <subfield code="w">2026-04-21</subfield>
    <subfield code="y">BK</subfield>
  </datafield>
</record>
